Krátky sprievodca Európskym dohovorom o ľudských právach

Salvato in:
Dettagli Bibliografici
Autore principale: Gomien, Donna
Natura: Libro
Lingua:slovacco
Pubblicazione: Bratislava Informačné a dokumentačné stredisko o Rade Európy 1999
Edizione:3. uprav. a rozš. vyd.
Soggetti:
Tags: Aggiungi Tag
Nessun Tag, puoi essere il primo ad aggiungerne!!

MARC

LEADER 00000nam a2200000 4500
001 c117156
005 20221102132724.8
020 |a 80-967674-45 
041 0 |a slo 
044 |a SK 
245 1 0 |a Krátky sprievodca Európskym dohovorom o ľudských právach  |c Donna Gomien 
250 |a 3. uprav. a rozš. vyd. 
264 1 |a Bratislava  |b Informačné a dokumentačné stredisko o Rade Európy  |c 1999 
300 |a 128 s. 
610 2 0 |a práva ľudské 
610 2 0 |a dohody medzinárodné 
610 2 0 |a štatúty 
610 2 0 |a Rada Európy 
100 1 |a Gomien, Donna